Residual stress measurement on ductile cast iron using critically refracted longitudinal (Lcr) wave technique /

Bibliographic Details
Main Author: Chundu, Srinivasulu Naidu, 1968-
Format: Thesis eBook
Language:English
Published: [Place of publication not identified] : [publisher not identified] ; 1991.
Subjects:
Online Access:Link to OAKTrust copy

MARC

Tag First Indicator Second Indicator Subfields
LEADER 00000cam a2200000 a 4500
001 in00001133913
005 20220103114253.0
007 cr unu a
008 930506s1991 xx a b 000 0 eng d
035 |9 AFY2775AM 
035 |a (OCoLC)28053639 
040 |a TXA  |c TXA  |d UtOrBLW 
049 |a TXAZ 
099 |a 1991  |a Thesis  |a C559 
100 1 |a Chundu, Srinivasulu Naidu,  |d 1968- 
245 1 0 |a Residual stress measurement on ductile cast iron using critically refracted longitudinal (Lcr) wave technique /  |c by Srinivasulu Naidu Chundu. 
264 1 |a [Place of publication not identified] :  |b [publisher not identified] ;  |c 1991. 
300 |a xii, 143 leaves :  |b illustrations ;  |c 29 cm. 
336 |a text  |b txt  |2 rdacontent 
337 |a computer  |b c  |2 rdamedia 
338 |a online resource  |b cr  |2 rdacarrier 
500 |a "Major subject: Mechanical Engineering." 
500 |a Typescript (photocopy). 
500 |a Vita. 
502 |b M.S.  |c Texas A&M University  |d 1991. 
504 |a Includes bibliographical references. 
530 |a Also available online. 
650 0 |a Cast-iron  |x Fatigue. 
650 0 |a Residual stresses  |x Measurement. 
650 0 |a Ultrasonic testing. 
650 4 |a Major mechanical engineering. 
856 4 1 |u https://hdl.handle.net/1969.1/ETD-TAMU-1991-THESIS-C559  |z Link to OAKTrust copy  |t 0 
999 |a MARS 
999 f f |s 0e7abe81-414d-310a-a83f-523ef48c7d84  |i 300c812b-59cd-323c-810d-7561612b7658  |t 0 
952 f f |p noncirc  |a Texas A&M University  |b J.J. Pickle Campus  |c High Density Repository  |s HDR  |d Remote Storage  |t 0  |e 1991 Thesis C559  |h Other scheme  |i computer -- online resource  |m A14839646042 
952 f f |a Texas A&M University  |b College Station  |c Electronic Resources  |s www_evans  |d Available Online  |t 0  |e 1991 Thesis C559  |h Other scheme 
998 f f |a 1991 Thesis C559  |t 0  |l Remote Storage 
998 f f |a 1991 Thesis C559  |t 0  |l Available Online